000 00379nam a22001097a 4500
008 110121t xxu||||| |||| 00| 0 eng d
100 _aBose
_9194
245 _aPower Electronics and Motor Drives
300 _ax
942 _2ddc
_cBK
999 _c519
_d519